00000000nam 2200000zi 4500
0019.945626
003CaOODSP
00520241127091609
006m     o  d f      
007cr mn|||||||||
008241127e199006##onca    o    f000 0 fre d
040 |aCaOODSP|bfre|erda|cCaOODSP
043 |an-cn---
0861 |aCo22-777/1990F-PDF
24500|aCommunications Canada : |bplan stratégique de gestion de l'information.
24614|aPlan stratégique de gestion de l'information
24617|aPlan stratégique de gestion de l'information du MDC
264 1|a[Ottawa] : |bGouvernement du Canada, Ministère des communications = Government of Canada, Department of Communications, |cjuin 1990.
300 |a1 ressource en ligne (54, 17, 3, 4 pages) : |billustrations
336 |atexte|btxt|2rdacontent/fre
337 |ainformatique|bc|2rdamedia/fre
338 |aressource en ligne|bcr|2rdacarrier/fre
500 |aPublié aussi en anglais sous le titre : Communications Canada strategic information management plan.
500 |a« Direction générale, Gestion de l'informatique » -- Couverture avant.
500 |a« Publié par : Frank N. Malick, directeur général, Gestion de l'informatique … » -- Couverture arrière.
500 |aÉdition numérisée de l'imprimé [par Innovation, sciences et développement économique Canada].
61016|aCanada. |bCommunications Canada|xGestion de l'information|xPlanification.
61016|aCanada. |bCommunications Canada|xTechnologie de l'information|xGestion|xPlanification.
650 6|aPlanification stratégique|zCanada.
7101 |aCanada. |bCommunications Canada, |eorganisme de publication.
77508|tCommunications Canada strategic information management plan.|w(CaOODSP)9.939846
85640|qPDF|s6.19 Mo|uhttps://publications.gc.ca/collections/collection_2024/isde-ised/co22/Co22-777-1990-fra.pdf